Biggest agglomerations in the Puy-de-Dôme - Statistics

General Stats
  • This quiz has been taken 7 times
  • The average score is 6 of 15
Answer Stats
Answer % Correct
Clermont-Ferrand
100%
Ambert
67%
Issoire
67%
Thiers
67%
Cournon-d'Auvergne
50%
Riom
50%
Aubière
33%
Ceyrat
33%
Chamalières
33%
Pont-du-Château
33%
Beaumont
17%
Gerzat
17%
Lempdes
17%
Romagnat
17%
Cébazat
0%
No matching quizzes found
Score Distribution
Percent of People with Each Score
Percentile by Number Answered
Your Score History
You have not taken this quiz